جرائم الإعتداء على الأموال في قانون العقوبات اللبناني / (رقم التسجيلة. 86071)

تفاصيل مارك
000 -LEADER
fixed length control field 00611nam a22001937a 4500
005 - DATE AND TIME OF LATEST TRANSACTION
control field 20251108172706.0
008 - FIXED-LENGTH DATA ELEMENTS--GENERAL INFORMATION
fixed length control field 250721s1998 xx 000 0 ara d
082 14 - DEWEY DECIMAL CLASSIFICATION NUMBER
Classification number 345.02/حسن
100 1# - MAIN ENTRY--PERSONAL NAME
Personal name حسني، محمود نجيب
Relator term مؤلف
245 10 - TITLE STATEMENT
Title جرائم الإعتداء على الأموال في قانون العقوبات اللبناني /
250 ## - EDITION STATEMENT
Edition statement 3
264 1# - PRODUCTION, PUBLICATION, DISTRIBUTION, MANUFACTURE, AND COPYRIGHT NOTICE
Place of production, publication, distribution, manufacture بيروت :
Name of producer, publisher, distributor, manufacturer الحلبي الحقوقية،
Date of production, publication, distribution, manufacture, or copyright notice 1998.
300 ## - PHYSICAL DESCRIPTION
Extent ج
650 17 - SUBJECT ADDED ENTRY--TOPICAL TERM
Topical term or geographic name as entry element القانون الجنائي
650 17 - SUBJECT ADDED ENTRY--TOPICAL TERM
Topical term or geographic name as entry element جرائم الأموال
650 17 - SUBJECT ADDED ENTRY--TOPICAL TERM
Topical term or geographic name as entry element لبنان
942 ## - ADDED ENTRY ELEMENTS (KOHA)
Source of classification or shelving scheme Dewey Decimal Classification
Koha item type كتب
المقتنيات
حالة السحب حالة الفقدان مصدر التصنيف حالة التلف غير قابل للإعارة المكتبة الرئيسية المكتبة الحالية موقع الرف تاريخ التزويد الرقم المتسلسل Total Checkouts رقم الإستدعاء الباركود تاريخ آخر ظهور تاريخ الفاتورة نوع المادة (كوها)
    Dewey Decimal Classification     المكتبة المركزية المكتبة المركزية الإعارة 17/10/2016 1629149   345.02/حسن PLD00396612 28/07/2025 17/10/2016 كتب
Implemented & Customized by: BBB with SCIT (Smart Chains for Information Technology)

Powered by Koha